[Event "Santa Teresita op 2nd"]
[Site "Santa Teresita"]
[Date "2017.07.01"]
[Round "4"]
[White "Garcia, Ezequiel Alejandro"]
[Black "Rodi, Luis Ernesto"]
[Result "0-1"]
[WhiteElo "2084"]
[BlackElo "2297"]
[PlyCount "55"]
[EventDate "2017.06.30"]
[EventType "swiss"]
[EventRounds "6"]
[EventCountry "ARG"]
[SourceTitle "EXT 2018"]
[Source "ChessBase"]
[SourceDate "2017.10.13"]
[SourceVersion "1"]
[SourceVersionDate "2017.10.13"]
[SourceQuality "1"]

1. c4 f5 2. Nc3 Nf6 3. d4 d6 4. Nf3 g6 5. Bf4 Bg7 6. e3 0-0 7. Bd3 c6 8. h3 Qe8 9. Qe2 Nbd7 10. Bg5 e5 11. dxe5 dxe5 12. Bxf6 Bxf6 13. e4 Nc5 14. 0-0 f4 15. Rad1 Be6 16. Bc2 Qf7 17. b3 g5 18. Nh2 h5 19. Rd6 Be7 20. Rd2 Kg7 21. Qf3 Qg6 22. g4 Rh8 23. Qd1 hxg4 24. hxg4 Rxh2 25. Kxh2 Rh8+ 26. Kg1 Qh6 27. f3 Nd3 28. Bxd3 0-1

[Event "Buenos Aires Duchamp op 1st"]
[Site "Buenos Aires"]
[Date "2011.09.22"]
[Round "9"]
[White "Pereira, Augusto"]
[Black "Garcia, Ezequiel Alejandro"]
[Result "0-1"]
[WhiteElo "2224"]
[BlackElo "2030"]
[PlyCount "65"]
[EventDate "2011.09.12"]
[EventType "swiss"]
[EventRounds "9"]
[EventCountry "ARG"]
[SourceTitle "EXT 2014"]
[Source "ChessBase"]
[SourceDate "2013.11.20"]
[SourceVersion "1"]
[SourceVersionDate "2013.11.20"]
[SourceQuality "1"]

1. d4 e6 2. Nf3 d5 3. g3 f5 4. Bg2 Nf6 5. 0-0 Bd6 6. c4 c6 7. b3 0-0 8. Ba3 Qe7 9. Bxd6 Qxd6 10. Qc1 Nbd7 11. Qa3 Qxa3 12. Nxa3 b6 13. Rfc1 Bb7 14. cxd5 exd5 15. Nc2 a5 16. e3 Ba6 17. b4 axb4 18. Nxb4 c5 19. Nxa6 Rxa6 20. Ne5 Nxe5 21. dxe5 Ne4 22. f3 Ng5 23. h4 Ne6 24. f4 Rd8 25. Rd1 d4 26. Bf1 Ra4 27. exd4 Nxd4 28. Rd3 c4 29. Rc3 b5 30. a3 Nb3 31. Ra2 Rda8 32. e6 Kf8 33. Bg2 0-1

[Event "Buenos Aires Duchamp op 1st"]
[Site "Buenos Aires"]
[Date "2011.09.17"]
[Round "5"]
[White "Garcia, Ezequiel Alejandro"]
[Black "Pichot, Alan"]
[Result "1-0"]
[WhiteElo "2030"]
[BlackElo "2221"]
[PlyCount "61"]
[EventDate "2011.09.12"]
[EventType "swiss"]
[EventRounds "9"]
[EventCountry "ARG"]
[SourceTitle "EXT 2014"]
[Source "ChessBase"]
[SourceDate "2013.11.20"]
[SourceVersion "1"]
[SourceVersionDate "2013.11.20"]
[SourceQuality "1"]

1. e4 c5 2. Nf3 e6 3. g3 Nc6 4. Bg2 Nf6 5. d3 d5 6. exd5 Nxd5 7. 0-0 Be7 8. Nc3 Nxc3 9. bxc3 Bf6 10. Bb2 Qa5 11. d4 0-0 12. Qe2 Bd7 13. Rfd1 Rfd8 14. Nd2 cxd4 15. cxd4 Rac8 16. Ne4 Be7 17. c4 Qa6 18. Rac1 Na5 19. Bf1 Ba4 20. Rd2 b6 21. d5 exd5 22. Qg4 d4 23. Rxd4 Rxd4 24. Bxd4 g6 25. Qf4 Nc6 26. Ba1 Kf8 27. Nd6 Bxd6 28. Qxd6+ Ne7 29. Re1 Qb7 30. Qf6 Ke8 31. Bh3 1-0

[Event "Buenos Aires La Punta op"]
[Site "Buenos Aires"]
[Date "2009.05.25"]
[Round "1"]
[White "Garcia, Ezequiel Alejandro"]
[Black "Alonso, Salvador"]
[Result "0-1"]
[WhiteElo "2015"]
[BlackElo "2441"]
[PlyCount "62"]
[EventDate "2009.05.25"]
[EventType "swiss"]
[EventRounds "9"]
[EventCountry "ARG"]
[SourceTitle "CBM 130 Extra"]
[Source "ChessBase"]
[SourceDate "2009.07.02"]
[SourceVersion "2"]
[SourceVersionDate "2009.07.15"]
[SourceQuality "1"]

1. e4 c5 2. Nf3 e6 3. d4 cxd4 4. c3 Nf6 5. e5 Nd5 6. cxd4 Nc6 7. Nc3 Nxc3 8. bxc3 d6 9. exd6 Qxd6 10. Bd3 Be7 11. 0-0 b6 12. a4 Qc7 13. c4 Bb7 14. d5 Nb4 15. Be4 Qxc4 16. Nd2 Qd4 17. Rb1 exd5 18. Bb2 Qc5 19. Nb3 Qd6 20. Bf3 0-0 21. Nd4 Qd7 22. Re1 Bf6 23. Bg4 Qd8 24. Ba3 Bxd4 25. Bxb4 Qf6 26. Be7 Bxf2+ 27. Kh1 Qc6 28. Rf1 Rfe8 29. Rxf2 Rxe7 30. Bf5 Rae8 31. Qd2 d4 0-1

[Event "Los Polvorines Teresa Winter"]
[Site "Los Polvorines"]
[Date "2009.02.20"]
[Round "3.3"]
[White "Codigone, Maximiliano"]
[Black "Garcia, Ezequiel Alejandro"]
[Result "0-1"]
[WhiteElo "1838"]
[BlackElo "2017"]
[PlyCount "48"]
[EventDate "2009.02.16"]
[EventType "swiss"]
[EventRounds "7"]
[EventCountry "ARG"]
[SourceTitle "EXT 2024"]
[Source "ChessBase"]
[SourceDate "2023.10.10"]
[SourceVersion "1"]
[SourceVersionDate "2023.10.10"]
[SourceQuality "1"]

1. e4 e6 2. d4 d5 3. Nc3 dxe4 4. Nxe4 Bd7 5. Nf3 Bc6 6. Bd3 Nd7 7. c3 Ngf6 8. Qe2 Be7 9. Ng3 b6 10. a3 Bb7 11. c4 c5 12. d5 Nf8 13. Bf4 exd5 14. Nf5 Ne6 15. Bg3 0-0 16. 0-0-0 d4 17. h4 Re8 18. Rde1 Bf8 19. h5 Nf4 20. Qd2 Nxd3+ 21. Qxd3 Be4 22. Rxe4 Nxe4 23. Bh4 Qc7 24. Re1 Qf4+ 0-1

[Event "Villa Martelli Pro Am op 15th"]
[Site "Villa Martelli"]
[Date "2008.10.13"]
[Round "4"]
[White "Anelli, Antonio"]
[Black "Garcia, Ezequiel Alejandro"]
[Result "1/2-1/2"]
[WhiteElo "2219"]
[BlackElo "2053"]
[PlyCount "104"]
[EventDate "2008.10.10"]
[EventType "swiss"]
[EventRounds "9"]
[EventCountry "ARG"]
[SourceTitle "CBM 126 Extra"]
[Source "ChessBase"]
[SourceDate "2008.11.05"]
[SourceVersion "1"]
[SourceVersionDate "2008.11.05"]
[SourceQuality "1"]

1. d4 Nf6 2. c4 d6 3. Nc3 Nbd7 4. e4 e5 5. d5 c5 6. g3 Be7 7. Bg2 0-0 8. Nge2 Ne8 9. 0-0 g6 10. Be3 Ng7 11. Qd2 f5 12. exf5 gxf5 13. f3 Rb8 14. a3 Rf7 15. Rab1 b6 16. Rfc1 Nf8 17. b4 Ba6 18. bxc5 dxc5 19. Nb5 Qd7 20. a4 Ne8 21. Nec3 Nd6 22. Qd3 Ng6 23. Bh3 Bc8 24. Nxd6 Bxd6 25. Nb5 a6 26. Nxd6 Qxd6 27. a5 e4 28. Qf1 f4 29. Bxc8 Rxc8 30. Rxb6 Qe5 31. Bf2 fxg3 32. Bxg3 Qd4+ 33. Qf2 Rxf3 34. Qxd4 cxd4 35. d6 Nf8 36. Rb7 d3 37. Rc7 d2 38. Rd1 e3 39. Rxc8 Rxg3+ 40. Kf1 Rg2 41. Rxf8+ Kxf8 42. d7 e2+ 43. Kxg2 exd1Q 44. d8Q+ Kf7 45. Qd7+ Kf6 46. Qd6+ Kf5 47. Qd5+ Kf4 48. Qd4+ Kg5 49. Qe5+ Kh4 50. Qg3+ Kh5 51. Qe5+ Kh4 52. Qg3+ Kh5 1/2-1/2

[Event "ARG-chT"]
[Site "Villa Martelli"]
[Date "2008.08.30"]
[Round "4"]
[White "Garcia, Ezequiel Alejandro"]
[Black "Cervetto, Esteban"]
[Result "1-0"]
[WhiteElo "2062"]
[BlackElo "2164"]
[PlyCount "69"]
[EventDate "2008.08.09"]
[EventType "tourn"]
[EventRounds "9"]
[EventCountry "ARG"]
[SourceTitle "EXT 2009"]
[Source "ChessBase"]
[SourceDate "2008.11.26"]
[SourceVersion "1"]
[SourceVersionDate "2008.11.26"]
[SourceQuality "1"]

1. e4 e5 2. d4 exd4 3. c3 d3 4. Bxd3 Bc5 5. c4 Nc6 6. Ne2 Qf6 7. 0-0 Nge7 8. Nbc3 0-0 9. Kh1 d6 10. Na4 Nd4 11. Nxc5 dxc5 12. Nxd4 cxd4 13. f4 Qb6 14. g4 f6 15. b3 Be6 16. f5 Bf7 17. g5 Nc6 18. gxf6 gxf6 19. Bh6 Kh8 20. Bxf8 Rxf8 21. Qd2 Ne5 22. Be2 d3 23. Bf3 Qd4 24. Rae1 Rg8 25. Bd1 Rg5 26. Qe3 Qd6 27. Rg1 h6 28. h4 Rxg1+ 29. Rxg1 Kh7 30. c5 Qe7 31. Qd4 Qe8 32. Qe3 Bh5 33. Qg3 Ng4 34. Bxg4 Qxe4+ 35. Kh2 1-0

[Event "ARG-chT"]
[Site "Villa Martelli"]
[Date "2008.08.16"]
[Round "2"]
[White "Converset, Juan Jose"]
[Black "Garcia, Ezequiel Alejandro"]
[Result "1-0"]
[WhiteElo "2243"]
[BlackElo "2062"]
[PlyCount "45"]
[EventDate "2008.08.09"]
[EventType "tourn"]
[EventRounds "9"]
[EventCountry "ARG"]
[SourceTitle "EXT 2009"]
[Source "ChessBase"]
[SourceDate "2008.11.26"]
[SourceVersion "1"]
[SourceVersionDate "2008.11.26"]
[SourceQuality "1"]

1. e4 e5 2. Nf3 d6 3. d4 Nd7 4. Nc3 c6 5. h3 Be7 6. g4 h6 7. a4 Ngf6 8. Bg2 0-0 9. 0-0 Qc7 10. Re1 Rd8 11. g5 hxg5 12. Nxg5 Nf8 13. f4 b6 14. d5 Ng6 15. f5 Nf8 16. Qf3 cxd5 17. exd5 N8h7 18. h4 Qd7 19. Bh3 Nxg5 20. hxg5 Nh7 21. Ne4 Rf8 22. Ra3 Qd8 23. Qh5 1-0

[Event "Pan American-ch U16 24th"]
[Site "Villa Carlos Paz"]
[Date "2008.07.02"]
[Round "4"]
[White "Garcia, Ezequiel Alejandro"]
[Black "Terry, Renato"]
[Result "1/2-1/2"]
[WhiteElo "2062"]
[BlackElo "2260"]
[PlyCount "154"]
[EventDate "2008.06.30"]
[EventType "swiss"]
[EventRounds "9"]
[EventCountry "ARG"]
[SourceTitle "EXT 2022"]
[Source "ChessBase"]
[SourceDate "2021.10.06"]
[SourceVersion "1"]
[SourceVersionDate "2021.10.06"]
[SourceQuality "1"]

1. e4 e6 2. d4 d5 3. Nc3 Nf6 4. Bg5 Bb4 5. e5 h6 6. Bd2 Bxc3 7. bxc3 Ne4 8. Qg4 g6 9. h4 c5 10. Rh3 Nc6 11. Bd3 Nxd2 12. Kxd2 Qe7 13. Rb1 c4 14. Be2 Rb8 15. h5 Rg8 16. hxg6 Rxg6 17. Qf4 Qf8 18. Bh5 Rxg2 19. Ne2 Rg5 20. Rbh1 Ne7 21. Ng3 b5 22. Qe3 b4 23. cxb4 Nf5 24. Nxf5 Qxb4+ 25. Qc3 Rxf5 26. f3 Rg5 27. Bg4 Qxc3+ 28. Kxc3 Bd7 29. Rxh6 Ke7 30. Rh8 Rgg8 31. Rxg8 Rxg8 32. Rb1 Bc6 33. a3 Rh8 34. Rb2 Kd7 35. Rb1 Kc7 36. Rd1 a5 37. Rd2 Rh4 38. Rf2 Bd7 39. Rg2 Rh1 40. Rg3 Kd8 41. f4 Rh4 42. Rg2 Ke7 43. Kd2 Rh1 44. Be2 Rh3 45. c3 Rh1 46. Kc2 Ba4+ 47. Kb2 Rh8 48. Bf3 Rh3 49. Bg4 Rh8 50. f5 Rb8+ 51. Ka2 exf5 52. Bxf5 Bd7 53. Bxd7 Kxd7 54. Rf2 Ke7 55. Rf6 Rb3 56. Rd6 Rxc3 57. Rxd5 Rc2+ 58. Kb1 Rd2 59. Rxa5 Rxd4 60. Rc5 Ke6 61. Kc2 Rd3 62. a4 Ra3 63. Rxc4 Kxe5 64. Kd2 f5 65. Ke2 Kf6 66. Rc6+ Kg5 67. Ra6 Kf4 68. a5 Ra2+ 69. Kd3 Ra4 70. Ke2 Kg4 71. Rg6+ Kf4 72. Ra6 Ke4 73. Re6+ Kd4 74. Ra6 f4 75. Ra8 Kc5 76. Kf3 Kb4 77. Rf8 Kxa5 1/2-1/2

[Event "Los Polvorines Silvestri Memorial"]
[Site "Los Polvorines"]
[Date "2008.04.08"]
[Round "5.1"]
[White "Florentin, David"]
[Black "Garcia, Ezequiel Alejandro"]
[Result "1/2-1/2"]
[WhiteElo "2052"]
[BlackElo "2031"]
[PlyCount "67"]
[EventDate "2008.04.02"]
[EventType "swiss"]
[EventRounds "7"]
[EventCountry "ARG"]
[SourceTitle "EXT 2019"]
[Source "ChessBase"]
[SourceDate "2018.10.10"]
[SourceVersion "1"]
[SourceVersionDate "2018.10.10"]
[SourceQuality "1"]

1. Nf3 e6 2. g3 b6 3. Bg2 Bb7 4. 0-0 Nf6 5. b3 Be7 6. Bb2 0-0 7. d3 d5 8. Nbd2 c5 9. Re1 Nc6 10. e4 Qc7 11. a3 Rfd8 12. e5 Nd7 13. Qe2 b5 14. h4 g6 15. Nf1 Bf8 16. d4 a5 17. Ne3 Ba6 18. h5 b4 19. Qd2 cxd4 20. Ng4 Bg7 21. hxg6 hxg6 22. Nh6+ Kf8 23. Qf4 Ndxe5 24. Nxe5 Nxe5 25. Bxd4 Nf3+ 26. Qxf3 Bxd4 27. Rad1 Bg7 28. Rxe6 Bxh6 29. Rxg6 Qxc2 30. Rxh6 Be2 31. Qf6 Qxd1+ 32. Kh2 Ke8 33. Qc6+ Ke7 34. Qf6+ 1/2-1/2

[Event "LNA Puma Cup"]
[Site "Argentina"]
[Date "2007.08.11"]
[Round "1"]
[White "Giardelli, Sergio Carlos"]
[Black "Garcia, Ezequiel Alejandro"]
[Result "1-0"]
[WhiteElo "2378"]
[BlackElo "1983"]
[PlyCount "69"]
[EventDate "2007.08.11"]
[EventType "team-tourn"]
[EventRounds "9"]
[EventCountry "ARG"]
[SourceTitle "CBM 120 Extra"]
[Source "ChessBase"]
[SourceDate "2007.11.01"]
[SourceVersion "1"]
[SourceVersionDate "2007.11.01"]
[SourceQuality "1"]

1. c4 e6 2. Nf3 d5 3. g3 c6 4. Qc2 f5 5. Bg2 Bd6 6. 0-0 Nf6 7. d3 0-0 8. Nc3 e5 9. cxd5 cxd5 10. Nb5 Nc6 11. Nxd6 Qxd6 12. Be3 d4 13. Bg5 Be6 14. Rfc1 Nd7 15. Bd2 Bd5 16. b4 Rac8 17. b5 Ne7 18. Qa4 Nc5 19. Qxa7 b6 20. Qa3 Bxf3 21. Bxf3 e4 22. Bg2 Nd5 23. Rc4 Nc7 24. Qb2 N7e6 25. Qc2 e3 26. Be1 f4 27. a4 g5 28. a5 g4 29. axb6 Ng5 30. b7 exf2+ 31. Bxf2 Nh3+ 32. Bxh3 gxh3 33. bxc8Q Rxc8 34. Rxd4 Qe6 35. Qc4 1-0

[Event "Los Polvorines Materazzi Cup"]
[Site "Los Polvorines"]
[Date "2007.??.??"]
[Round "3"]
[White "Oviedo, Manuel"]
[Black "Garcia, Ezequiel Alejandro"]
[Result "0-1"]
[WhiteElo "1985"]
[BlackElo "1980"]
[PlyCount "74"]
[EventDate "2007.02.??"]
[EventType "tourn"]
[EventRounds "7"]
[EventCountry "ARG"]
[SourceTitle "EXT 2010"]
[Source "ChessBase"]
[SourceDate "2010.11.25"]
[SourceVersion "1"]
[SourceVersionDate "2010.11.25"]
[SourceQuality "1"]

1. e4 e6 2. d4 d5 3. Nc3 Nf6 4. Bg5 Be7 5. e5 Nfd7 6. Bxe7 Qxe7 7. f4 Nb6 8. Qd2 Nc6 9. Nf3 Bd7 10. Be2 f5 11. 0-0 0-0 12. b3 Nd8 13. a4 c5 14. a5 Nc8 15. Qe3 cxd4 16. Nxd4 a6 17. Kh1 Na7 18. Na4 Bxa4 19. Rxa4 Nac6 20. Nf3 Nf7 21. c4 dxc4 22. Bxc4 h6 23. Nd4 Nxd4 24. Qxd4 g5 25. fxg5 Nxg5 26. Qb6 Kh7 27. h4 Ne4 28. Rf4 Ng3+ 29. Kh2 Nh5 30. Rd4 f4 31. Kh3 Rg8 32. Rd3 Qg7 33. Ra2 Qg4+ 34. Kh2 Ng3 35. Rf3 Qxh4+ 36. Kg1 Qh1+ 37. Kf2 Ne4+ 0-1